| 000 | 00483cab a2200193 4500 | ||
|---|---|---|---|
| 001 | WB2038-03 | ||
| 008 | 090401t1994 xxu||||| |||| 00| 0 eng d | ||
| 035 | _a(Sirsi) u36893 | ||
| 041 | _aeng | ||
| 245 | _aConstruction industry CIB 150th anniversary | ||
| 260 | _c1994 | ||
| 350 | _a0 | ||
| 490 |
_aTimes _v19 September 1994 (LOAN) |
||
| 650 | _aANNIVERSARY | ||
| 650 | _aCHARTERED INSTITUTE OF BUILDING | ||
| 690 | _aBUILT ENVIRONMENT | ||
| 942 | _n0 | ||
| 948 | _c04/03/1997 | ||
| 999 |
_c23877 _d23877 |
||